Phi trường. t.II /

保存先:
書誌詳細
第一著者: Hailey, Arthur
その他の著者: Thái H (dịch)
フォーマット: Sách giấy
言語:Vietnamese
出版事項: H. : Lao động, 2005.
主題:
タグ: タグ追加
タグなし, このレコードへの初めてのタグを付けませんか!
Thư viện lưu trữ: Thư viện Trường Đại học Đà Lạt
LEADER 00772nam a2200325 4500
001 DLU070059067
005 ##20070403
040 # # |a DLU  |b vie 
041 # # |a vie 
044 # # |a vn 
082 # # |a 813  |b HA-A 
100 # # |a Hailey, Arthur 
245 # # |a Phi trường.  |n t.II /  |c Arthur Hailey; Thái Hà dịch 
260 # # |a H. :  |b Lao động,  |c 2005. 
300 # # |a 450 tr. ;  |c 19 cm. 
653 # # |a Truyện trinh thám. 
653 # # |a Văn học hiện đại. 
653 # # |a Văn học Mỹ. 
700 # # |a Thái Hà,  |e dịch 
923 # # |a 01/2007 
990 # # |a t.II 
992 # # |a 45.000 
994 # # |a DLU 
900 # # |a True 
911 # # |a Đào Thị Thu Huyền 
925 # # |a G 
926 # # |a A 
927 # # |a SH 
980 # # |a Thư viện Trường Đại học Đà Lạt